000 00261nam a22001097a 4500
008 170120b xxu||||| |||| 00| 0 eng d
020 _a9780323009836
041 _aeng
080 _a618.2
245 _aMOSBY'S NURSING GUIDE REFERENCE
_cROTH, L.S
942 _2udc
_cBK
999 _c3284
_d3284